<?xml version="1.0" encoding="UTF-8"?>
<record
    xmlns:xsi="http://www.w3.org/2001/XMLSchema-instance"
    xsi:schemaLocation="http://www.loc.gov/MARC21/slim http://www.loc.gov/standards/marcxml/schema/MARC21slim.xsd"
    xmlns="http://www.loc.gov/MARC21/slim">

  <leader>01636nam a22002657a 4500</leader>
  <datafield tag="952" ind1=" " ind2=" ">
    <subfield code="0">0</subfield>
    <subfield code="1">0</subfield>
    <subfield code="4">0</subfield>
    <subfield code="7">0</subfield>
    <subfield code="a">03</subfield>
    <subfield code="b">03</subfield>
    <subfield code="d">2014-11-27</subfield>
    <subfield code="l">0</subfield>
    <subfield code="o">LB1025 E34 2011</subfield>
    <subfield code="p">03 007493</subfield>
    <subfield code="r">2014-11-27</subfield>
    <subfield code="t">1</subfield>
    <subfield code="w">2014-11-27</subfield>
    <subfield code="y">LB</subfield>
  </datafield>
  <datafield tag="952" ind1=" " ind2=" ">
    <subfield code="0">0</subfield>
    <subfield code="1">0</subfield>
    <subfield code="4">0</subfield>
    <subfield code="7">0</subfield>
    <subfield code="a">14</subfield>
    <subfield code="b">14</subfield>
    <subfield code="d">2014-11-27</subfield>
    <subfield code="l">1</subfield>
    <subfield code="o">LB1025 E34 2011</subfield>
    <subfield code="p">14 005982</subfield>
    <subfield code="r">2018-05-28</subfield>
    <subfield code="s">2018-05-28</subfield>
    <subfield code="t">1</subfield>
    <subfield code="w">2014-11-27</subfield>
    <subfield code="y">LB</subfield>
  </datafield>
  <datafield tag="952" ind1=" " ind2=" ">
    <subfield code="0">0</subfield>
    <subfield code="1">0</subfield>
    <subfield code="2">lcc</subfield>
    <subfield code="4">0</subfield>
    <subfield code="7">0</subfield>
    <subfield code="a">07</subfield>
    <subfield code="b">07</subfield>
    <subfield code="d">2016-04-27</subfield>
    <subfield code="l">1</subfield>
    <subfield code="o">LB1025 E34 2011</subfield>
    <subfield code="p">07 005796</subfield>
    <subfield code="r">2016-08-02</subfield>
    <subfield code="s">2016-08-02</subfield>
    <subfield code="t">1</subfield>
    <subfield code="w">2016-04-27</subfield>
    <subfield code="y">LB</subfield>
  </datafield>
  <datafield tag="999" ind1=" " ind2=" ">
    <subfield code="c">95211</subfield>
    <subfield code="d">95211</subfield>
  </datafield>
  <controlfield tag="008">141127s    2011ar ||||| |||| 00| 0 spa d</controlfield>
  <datafield tag="020" ind1=" " ind2=" ">
    <subfield code="a">9789501261615</subfield>
  </datafield>
  <datafield tag="050" ind1="1" ind2="4">
    <subfield code="a">LB1025 </subfield>
    <subfield code="b">E34 2011</subfield>
  </datafield>
  <datafield tag="100" ind1=" " ind2=" ">
    <subfield code="a">Edelstein, Gloria E </subfield>
    <subfield code="e">autor</subfield>
  </datafield>
  <datafield tag="245" ind1="1" ind2="0">
    <subfield code="a">Formar y formarse en la ense&#xF1;anza </subfield>
    <subfield code="c"> / Gloria E. Edelstein</subfield>
  </datafield>
  <datafield tag="260" ind1=" " ind2=" ">
    <subfield code="a">Buenos Aires, Argentina</subfield>
    <subfield code="b"> : Paid&#xF3;s </subfield>
    <subfield code="c">, 2011</subfield>
  </datafield>
  <datafield tag="300" ind1=" " ind2=" ">
    <subfield code="a">235 p&#xE1;ginas </subfield>
    <subfield code="c">22 cm.</subfield>
  </datafield>
  <datafield tag="490" ind1=" " ind2=" ">
    <subfield code="a">Cuestiones de educaci&#xF3;n</subfield>
  </datafield>
  <datafield tag="504" ind1=" " ind2=" ">
    <subfield code="a">Bibliografia (pp. 223-235)</subfield>
  </datafield>
  <datafield tag="505" ind1=" " ind2=" ">
    <subfield code="a">Ense&#xF1;anza y pr&#xE1;cticas reflexivas
Pr&#xE1;cticas reflexivas, profesionalizaci&#xF3;n docente y procesos de formaci&#xF3;n
El valor de la interdisciplina en el estudio de las pr&#xE1;cticas de la ense&#xF1;anza
Intervenci&#xF3;n profesional e investigaci&#xF3;n : una propuesta de formaci&#xF3;n
Formar y formarse en el an&#xE1;lisis de pr&#xE1;cticas de la ense&#xF1;anza</subfield>
  </datafield>
  <datafield tag="519" ind1=" " ind2=" ">
    <subfield code="a">Material Complementario /</subfield>
    <subfield code="d">(07 005796)</subfield>
  </datafield>
  <datafield tag="519" ind1=" " ind2=" ">
    <subfield code="a">Plan Flexible / 
</subfield>
    <subfield code="b">Maestr&#xED;a en Docencia / </subfield>
    <subfield code="c">Formaci&#xF3;n y Pr&#xE1;ctica Docente (P03-1) / </subfield>
    <subfield code="d">(03 007493)</subfield>
  </datafield>
  <datafield tag="519" ind1=" " ind2=" ">
    <subfield code="a">Plan Flexible / 
</subfield>
    <subfield code="b">Maestr&#xED;a en Docencia / </subfield>
    <subfield code="c">Formaci&#xF3;n y Pr&#xE1;ctica Docente (P03-1) / </subfield>
    <subfield code="d">(14 005982)</subfield>
  </datafield>
  <datafield tag="519" ind1=" " ind2=" ">
    <subfield code="a">Plan Flexible / 
</subfield>
    <subfield code="b">Maestr&#xED;a en Docencia / </subfield>
    <subfield code="c">Formaci&#xF3;n y Pr&#xE1;ctica Docente (P03-1) / </subfield>
    <subfield code="d">(11 012007)</subfield>
  </datafield>
  <datafield tag="650" ind1="1" ind2="0">
    <subfield code="a">FORMACION PROFESIONAL DE MAESTROS </subfield>
  </datafield>
  <datafield tag="942" ind1=" " ind2=" ">
    <subfield code="c">LB</subfield>
  </datafield>
</record>
